00989naa a2200217 i 4500001000400000003000400004005001700008008003900025040000800064041000800072044000800080100014900088245010300237500004200340655003000382700014800412711009100560773009200651942001300743999001500756BPPBPK20180509100545.0140429s1993 it f |100 0 eng cBPK aeng aITA1 aHRYNIEWICZ, Tadeusz.d1971 - 1996.bWyższa Szkoła Inżynierska w Koszalinie - Wydział Mechaniczny,cZakład Elektrotechniki i Elektrochemii10aSome problems in the study of electrified metal surfaces /cTadeusz Hryniewicz, Wiesław Skubała. aDane z bibliografii załącznikowej. 0aMateriały konferencyjne.1 aSKUBAŁA, Wiesław.d1980 - 1995.bWyższa Szkoła Inżynierska w Koszalinie - Wydział Mechaniczny,cZakład Elektrotechniki i Elektrochemii22aInternational Conference on Progress in Electrocatalysis d(1993 ;cFerrara, Włochy).0 iW :tProc. of Int. Conf. on Progress in Electrocatalysis : theory and practice. -g1993 cART2UKD c1124d1124